<?xml version="1.0" encoding="UTF-8"?>
<record
    xmlns:xsi="http://www.w3.org/2001/XMLSchema-instance"
    xsi:schemaLocation="http://www.loc.gov/MARC21/slim http://www.loc.gov/standards/marcxml/schema/MARC21slim.xsd"
    xmlns="http://www.loc.gov/MARC21/slim">

  <leader>00922nam a2200241Ia 4500</leader>
  <controlfield tag="001">3185</controlfield>
  <controlfield tag="003">GE_BSU</controlfield>
  <controlfield tag="008">181216s||||||||xx |||||||||||||| ||und||</controlfield>
  <datafield tag="020" ind1=" " ind2=" ">
    <subfield code="a">5713304132</subfield>
  </datafield>
  <datafield tag="040" ind1=" " ind2=" ">
    <subfield code="c">GE_BSU</subfield>
  </datafield>
  <datafield tag="080" ind1=" " ind2=" ">
    <subfield code="a">339.1</subfield>
  </datafield>
  <datafield tag="100" ind1=" " ind2=" ">
    <subfield code="a">&#x41F;&#x43E;&#x440;&#x442;&#x435;&#x440;, &#x41C;,</subfield>
  </datafield>
  <datafield tag="245" ind1=" " ind2=" ">
    <subfield code="a">&#x41C;&#x435;&#x436;&#x434;&#x443;&#x43D;&#x430;&#x440;&#x43E;&#x434;&#x43D;&#x430;&#x438;&#x44F; &#x43A;&#x43E;&#x43D;&#x43A;&#x443;&#x440;&#x435;&#x43D;&#x446;&#x438;&#x44F;:  &#x41A;&#x43E;&#x43D;&#x43A;&#x443;&#x440;&#x435;&#x43D;&#x442;&#x43D;&#x44B;&#x435;  &#x43F;&#x440;&#x435;&#x43C;&#x443;&#x448;&#x435;&#x441;&#x442;&#x432;&#x430;   &#x441;&#x442;&#x440;&#x432;&#x43D;=The competitive  advantage  of  nations.</subfield>
  </datafield>
  <datafield tag="245" ind1=" " ind2=" ">
    <subfield code="c">&#x41F;&#x435;&#x440;. &#x441; &#x410;&#x43D;&#x433;&#x43B;. : &#x418;.&#x412;. &#x41A;&#x432;&#x430;&#x441;&#x44E;&#x43A;&#x430;, &#x414;.&#x421;.  &#x41A;&#x43E;&#x43C;&#x438;&#x441;c&#x430;&#x440;&#x43E;&#x432;&#x430; &#x438; &#x434;&#x440;. &#x41F;&#x43E;&#x434;.&#x440;&#x435;&#x434;l &#x438;  &#x441; &#x43F;&#x440;&#x435;&#x434;&#x438;&#x441;&#x43B;&#x43E;&#x432;&#x438;&#x435;&#x43C; &#x412;.&#x414;.  &#x429;&#x435;&#x442;&#x438;&#x43D;&#x438;&#x43D;&#x430;.</subfield>
  </datafield>
  <datafield tag="260" ind1=" " ind2=" ">
    <subfield code="a">&#x41C;&#x43E;&#x441;&#x43A;&#x432;&#x430;</subfield>
  </datafield>
  <datafield tag="260" ind1=" " ind2=" ">
    <subfield code="b">&#x41C;&#x435;&#x436;&#x434;&#x443;&#x43D;&#x430;&#x440;&#x43E;&#x434;&#x43D;&#x44B;&#x435;  &#x41E;&#x442;&#x43D;&#x43E;&#x448;&#x435;&#x43D;&#x438;&#x44F;</subfield>
  </datafield>
  <datafield tag="260" ind1=" " ind2=" ">
    <subfield code="c">1993</subfield>
  </datafield>
  <datafield tag="300" ind1=" " ind2=" ">
    <subfield code="a">896 &#x441;&#x442;.  24 &#x441;&#x43C;.</subfield>
  </datafield>
  <datafield tag="541" ind1=" " ind2=" ">
    <subfield code="h">25 &#x43B;.</subfield>
  </datafield>
  <datafield tag="653" ind1=" " ind2=" ">
    <subfield code="a">&#x41A;&#x43E;&#x43D;&#x43A;&#x443;&#x440;&#x435;&#x43D;&#x442;&#x440;&#x44B;&#x435;  &#x43F;&#x440;&#x438;&#x43C;&#x443;&#x448;&#x435;&#x441;&#x442;&#x432;&#x430;</subfield>
  </datafield>
  <datafield tag="653" ind1=" " ind2=" ">
    <subfield code="a">&#x41C;&#x435;&#x436;&#x434;&#x443;&#x43D;&#x430;&#x440;&#x43E;&#x434;&#x43D;&#x430;&#x438;&#x44F; &#x43A;&#x43E;&#x43D;&#x43A;&#x443;&#x440;&#x435;&#x43D;&#x446;&#x438;&#x44F;:</subfield>
  </datafield>
  <datafield tag="942" ind1=" " ind2=" ">
    <subfield code="c">BK</subfield>
  </datafield>
  <datafield tag="999" ind1=" " ind2=" ">
    <subfield code="c">37226</subfield>
    <subfield code="d">37226</subfield>
  </datafield>
  <datafield tag="952" ind1=" " ind2=" ">
    <subfield code="0">0</subfield>
    <subfield code="1">0</subfield>
    <subfield code="4">0</subfield>
    <subfield code="7">0</subfield>
    <subfield code="9">37058</subfield>
    <subfield code="d">2018-12-17</subfield>
    <subfield code="p">8251</subfield>
    <subfield code="r">2018-12-17</subfield>
    <subfield code="w">2018-12-17</subfield>
    <subfield code="y">BK</subfield>
    <subfield code="z">&#x10D3;&#x10D0;&#x10E0;&#x10D1;&#x10D0;&#x10D6;&#x10D8;</subfield>
  </datafield>
</record>
